| 000 | 00941nam a2200241 a 4500 | ||
|---|---|---|---|
| 001 | 39589 | ||
| 003 | BD-RjUL | ||
| 005 | 20211209053025.0 | ||
| 008 | 160413r20142008ii a||| |||| 00| 0 ben d | ||
| 020 |
_a9788177567311 _c: TK. 200.00 |
||
| 035 | _a(BD-RjUL)39702 | ||
| 040 |
_aBD-RjUL _bben _cBD-RjUL |
||
| 041 | _aben | ||
| 082 |
_223 _a294.5211 _bROB 2014 |
||
| 100 |
_aরায়, অশোক _9121942 |
||
| 245 |
_aবিবর্তনের ধারায় শিব ও লিঙ্গ / _cঅশোক রায় |
||
| 260 |
_aকলকাতা : _bআনন্দ পাবলিশার্স প্রাইভেট লিমিটেড, _c২০০৮ [মুদ্রণ ২০১৪] |
||
| 300 |
_a৩৩৩ পৃ. : _bচিত্র ; _c২১ সেমি. |
||
| 504 | _aগ্রন্থপঞ্জি সংযুক্ত | ||
| 650 |
_aশিবা _9121943 |
||
| 650 |
_aSiva _9121944 |
||
| 942 |
_2ddc _cBK |
||
| 999 |
_c39589 _d39589 |
||